Information Assurance : (Record no. 10757)
[ view plain ]
| 000 -LEADER | |
|---|---|
| fixed length control field | 01475cam a2200373 a 4500 |
| 090 ## - LOCALLY ASSIGNED LC-TYPE CALL NUMBER (OCLC); LOCAL CALL NUMBER (OCLC) | |
| -- | 0 |
| 001 - CONTROL NUMBER | |
| control field | 14967300 |
| 005 - DATE AND TIME OF LATEST TRANSACTION | |
| control field | 20201128013513.0 |
| 008 - FIXED-LENGTH DATA ELEMENTS--GENERAL INFORMATION | |
| fixed length control field | 070814s2008 ne a b 001 0 eng |
| 010 ## - LIBRARY OF CONGRESS CONTROL NUMBER | |
| LC control number | 2007033726 |
| 020 ## - INTERNATIONAL STANDARD BOOK NUMBER | |
| International Standard Book Number | 9780123735669 (pbk. : alk. paper) |
| 020 ## - INTERNATIONAL STANDARD BOOK NUMBER | |
| International Standard Book Number | 0123735661 (pbk. : alk. paper) |
| 035 ## - SYSTEM CONTROL NUMBER | |
| System control number | (OCoLC)ocn166290628 |
| 035 ## - SYSTEM CONTROL NUMBER | |
| System control number | (OCoLC)166290628 |
| 040 ## - CATALOGING SOURCE | |
| Original cataloging agency | DLC |
| Transcribing agency | DLC |
| Modifying agency | BTCTA |
| -- | BAKER |
| -- | YDXCP |
| -- | C#P |
| -- | IXA |
| -- | DLC |
| 050 00 - LIBRARY OF CONGRESS CALL NUMBER | |
| Classification number | TK5105.59 |
| Item number | .I5247 2008 |
| 082 00 - DEWEY DECIMAL CLASSIFICATION NUMBER | |
| Classification number | 005.8 |
| Edition number | 22 |
| Item number | QIA |
| 245 00 - TITLE STATEMENT | |
| Title | Information Assurance : |
| Remainder of title | Dependability and Security in Networked Systems / |
| Statement of responsibility, etc | Yi Qian ... [et al.]. |
| 260 ## - PUBLICATION, DISTRIBUTION, ETC. (IMPRINT) | |
| Place of publication, distribution, etc | Amsterdam ; |
| -- | Boston : |
| Name of publisher, distributor, etc | Elsevier/Morgan Kaufmann, |
| Date of publication, distribution, etc | c2008. |
| 300 ## - PHYSICAL DESCRIPTION | |
| Extent | xxxvii, 537 p. : |
| Other physical details | ill. ; |
| Dimensions | 25 cm. |
| 440 #4 - | |
| -- | The Morgan Kaufmann series in networking |
| 440 #4 - | |
| -- | The Morgan Kaufmann series in computer security |
| 504 ## - BIBLIOGRAPHY, ETC. NOTE | |
| Bibliography, etc | Includes bibliographical references and index. |
| 650 #0 - SUBJECT ADDED ENTRY--TOPICAL TERM | |
| Topical term or geographic name as entry element | Computer networks |
| General subdivision | Security measures. |
| 650 #0 - SUBJECT ADDED ENTRY--TOPICAL TERM | |
| Topical term or geographic name as entry element | Computer networks |
| General subdivision | Reliability. |
| 650 #0 - SUBJECT ADDED ENTRY--TOPICAL TERM | |
| Topical term or geographic name as entry element | Computer security. |
| 700 1# - ADDED ENTRY--PERSONAL NAME | |
| Personal name | Qian, Yi, |
| Dates associated with a name | 1962- |
| 700 1# - ADDED ENTRY--PERSONAL NAME | |
| Personal name | Joshi, James |
| Dates associated with a name | 1962- |
| 9 (RLIN) | 2051 |
| 700 1# - ADDED ENTRY--PERSONAL NAME | |
| Personal name | Tipper, David |
| Dates associated with a name | 1962- |
| 9 (RLIN) | 2052 |
| 700 1# - ADDED ENTRY--PERSONAL NAME | |
| Personal name | Krishnamurthy, Prashant |
| Dates associated with a name | 1962- |
| 9 (RLIN) | 2053 |
| 856 42 - ELECTRONIC LOCATION AND ACCESS | |
| Materials specified | Publisher description |
| Uniform Resource Identifier | <a href="http://www.loc.gov/catdir/enhancements/fy0808/2007033726-d.html">http://www.loc.gov/catdir/enhancements/fy0808/2007033726-d.html</a> |
| 942 ## - ADDED ENTRY ELEMENTS (KOHA) | |
| Source of classification or shelving scheme | Dewey Decimal Classification |
| Item type | Book - Borrowing |
| Withdrawn status | Item status | Source of classification or shelving scheme | Damaged status | Not for loan | Vendor | Home library | Current library | Shelving location | Date acquired | Source of acquisition | Cost, normal purchase price | Serial Enumeration / chronology | Total Checkouts | Full call number | Barcode | Checked out | Date last seen | Date last borrowed | Koha item type |
|---|---|---|---|---|---|---|---|---|---|---|---|---|---|---|---|---|---|---|---|
| Dewey Decimal Classification | Alahram | Central Library | Central Library | Lower Floor | 08/02/2009 | 449.90 | 6478 | 1 | 005.8 QIA | 000014661 | 27/07/2009 | 17/02/2009 | 17/02/2009 | Book - Borrowing |